[Event "SVR-op 34th"]
[Site "Reil"]
[Date "2011.04.16"]
[Round "1"]
[White "Scheidt, Daniel"]
[Black "Glieden, Patrick"]
[Result "0-1"]
[WhiteElo "1217"]
[BlackElo "1601"]
[PlyCount "42"]
[EventDate "2011.04.16"]
[EventType "swiss"]
[EventRounds "7"]
[EventCountry "GER"]
[SourceTitle "EXT 2013"]
[Source "ChessBase"]
[SourceDate "2012.11.22"]
[SourceVersion "1"]
[SourceVersionDate "2012.11.22"]
[SourceQuality "1"]

1. e4 e5 2. Nf3 Nc6 3. Nc3 Bc5 4. Nxe5 Nxe5 5. d4 Bb6 6. dxe5 Ne7 7. Bc4 Ng6 8. Qh5 Qe7 9. f4 Qc5 10. Bd3 Qf2+ 11. Kd1 Qxg2 12. Rf1 d5 13. exd5 Bg4+ 14. Qxg4 Qxg4+ 15. Be2 Qg2 16. f5 Nxe5 17. Re1 0-0-0 18. Bf1 Qxh2 19. Bd2 Rhe8 20. a4 Nf3 21. Bb5 Qxd2# 0-1